| 000 | 00625nam a22001817a 4500 | ||
|---|---|---|---|
| 999 |
_c14943 _d14943 |
||
| 003 | OSt | ||
| 082 | _2631.3 OBI/ST | ||
| 088 | _aP 166 | ||
| 100 |
_aOBILY B.W _aSABARINATH R _aSHIMNA K.T _93541 |
||
| 245 | _aStudies on a stand alone micro wind turbine | ||
| 260 |
_aTavanur 2006 _bKelappaji College of Agricultural Engineering and Technology |
||
| 300 | _a40 | ||
| 500 | _aStudies on a stand alone micro wind turbine | ||
| 520 | _aStudies on a stand alone micro wind turbine | ||
| 700 |
_aDr.Geetha Susan Philip (Guide) _93407 |
||
| 856 | _uhttps://drive.google.com/open?id=1d0Vn7JuA9QdOHVhuKDVUz0_SsB2S6X5u | ||
| 942 | _cPR | ||